La política económica del cobre en Chile

Uloženo v:
Podrobná bibliografie
Hlavní autor: Vera Valenzuela, Mario (Autor)
Médium: Kniha
Jazyk:španělština
Vydáno: Santiago Universidad de Chile 1961
Témata:
Tagy: Přidat tag
Žádné tagy, Buďte první, kdo vytvoří štítek k tomuto záznamu!

MARC

LEADER 00000nam a2200000 a 4500
001 UCT7736
003 CL-VaPUC
008 970317e19610000CL |||||||||||||||||spa|d
082 0 4 |a 343.077  |b VER  |2 21 
100 0 |a Vera Valenzuela, Mario  |e author  |9 378792 
245 1 3 |a La política económica del cobre en Chile 
300 |a 231 p 
942 |c BK 
945 |d 19970317 00:00:00  |a nastorga 
260 |a Santiago  |b Universidad de Chile  |c 1961 
650 0 |a Derecho de minería  |9 344919 
650 0 |a Industria minera  |9 260256 
650 0 |a Política económica   |9 255029 
650 0 |a Cobre  |9 255767 
650 0 |a Desarrollo económico y social   |9 256320 
650 7 |a INVERSION EXTRANJERA  |2 CL-VaPUC  |9 345101 
650 0 |a Mercado  |9 321497 
650 7 |a LEGISLACION  |2 CL-VaPUC  |9 378793 
650 0 |a Empresas   |9 255569 
650 0 |a Costos   |9 261063 
650 0 |a Producción   |9 263680 
650 7 |a INGRESOS  |2 CL-VaPUC  |9 367979 
650 0 |a Economía   |9 255568 
583 |a last modification  |c 19970317 00:00:00  |k Rodrigo Vera 
999 |c 256284  |d 256282 
952 |0 0  |1 0  |4 0  |6 343_077000000000000_VER_1961  |7 0  |8 A  |9 278945  |a BIBDER  |b BIBDER  |d 2019-11-19  |i 1810405  |o 343.077 VER 1961  |p 1810405  |r 2023-01-25  |w 2019-11-19  |y BK  |k DER 
952 |0 0  |1 0  |4 0  |6 343_077000000000000_VER_1961  |7 0  |8 A  |9 278946  |a BIBHIS  |b BIBHIS  |d 2019-11-19  |i 138726K  |o 343.077 VER 1961  |p 138726K  |r 2025-01-20  |w 2019-11-19  |y BK  |k HIS